[Event "Hoogovens"]
[Site "Wijk aan Zee NED"]
[Date "1999.01.16"]
[Round "1"]
[White "Yermolinsky,A"]
[Black "Svidler,P"]
[Result "1/2-1/2"]
[WhiteElo "2597"]
[BlackElo "2713"]

1. d4 Nf6 2. c4 g6 3. Nc3 d5 4. cxd5 Nxd5 5. e4 Nxc3 6. bxc3 Bg7 7. Be3 c5
8. Nf3 Qa5 9. Qd2 Bg4 10. Rc1 O-O 11. Ng5 cxd4 12. cxd4 Qxd2+ 13. Kxd2 Nc6
14. d5 Na5 15. Bd3 h6 16. h3 Bd7 17. Nf3 e6 18. Bc5 Rfe8 19. Bb4 exd5 20.
exd5 b6 21. Rc7 Rad8 22. Re1 Rxe1 23. Kxe1 1/2-1/2

[Event "Hoogovens"]
[Site "Wijk aan Zee NED"]
[Date "1999.01.16"]
[Round "1"]
[White "Van Wely,L"]
[Black "Kramnik,V"]
[Result "1/2-1/2"]
[WhiteElo "2632"]
[BlackElo "2751"]

1. d4 d5 2. c4 c6 3. Nc3 Nf6 4. Nf3 dxc4 5. a4 Bf5 6. Ne5 e6 7. f3 Bb4 8.
e4 Bxe4 9. fxe4 Nxe4 10. Bd2 Qxd4 11. Nxe4 Qxe4+ 12. Qe2 Bxd2+ 13. Kxd2
Qd5+ 14. Kc2 Na6 15. Nxc4 O-O 16. Qf3 Qc5 17. Be2 Nb4+ 18. Kb1 Rad8 19. Rc1
Rd4 20. Ra3 Rfd8 21. g4 Qg5 22. Rb3 a5 23. h4 Qg6+ 24. Ka1 Nc2+ 25. Ka2
Nb4+ 26. Ka1 Nc2+ 1/2-1/2

[Event "Hoogovens"]
[Site "Wijk aan Zee NED"]
[Date "1999.01.16"]
[Round "1"]
[White "Reinderman,D"]
[Black "Anand,V"]
[Result "0-1"]
[WhiteElo "2541"]
[BlackElo "2781"]

1. e4 c5 2. Nf3 d6 3. d4 cxd4 4. Nxd4 Nf6 5. Nc3 a6 6. Bc4 e6 7. Bb3 b5 8.
O-O b4 9. Na4 Bd7 10. f4 Nc6 11. f5 e5 12. Nf3 h6 13. Qe1 Be7 14. Qg3 Kf8
15. Qe1 Rb8 16. Bd2 Qe8 17. a3 a5 18. Kh1 Kg8 19. Rg1 bxa3 20. Rxa3 Nd4 21.
Nxd4 exd4 22. Ra1 Bc6 23. Bxa5 Nxe4 24. Rf1 h5 25. Nb6 h4 26. Bd5 Bg5 27.
Rf3 h3 28. Bxc6 Qxc6 29. Qe2 Bf4 30. Kg1 Be3+ 31. Kh1 Re8 32. Qc4 Nf2+ 33.
Rxf2 Qxc4 34. Nxc4 Bxf2 35. Nxd6 Re2 36. b4 Bg3 37. gxh3 Bxd6 0-1

[Event "Hoogovens"]
[Site "Wijk aan Zee NED"]
[Date "1999.01.16"]
[Round "1"]
[White "Topalov,V"]
[Black "Timman,J"]
[Result "1-0"]
[WhiteElo "2700"]
[BlackElo "2670"]

1. c4 e5 2. g3 Nf6 3. Bg2 d5 4. cxd5 Nxd5 5. Nf3 Nc6 6. O-O Be7 7. d4 e4 8.
Ne5 f5 9. Nxc6 bxc6 10. Qa4 Qd7 11. Rd1 c5 12. Qxd7+ Bxd7 13. dxc5 Be6 14.
Nd2 O-O-O 15. a3 e3 16. Nf1 exf2+ 17. Kxf2 Bxc5+ 18. Ke1 Rhe8 19. Bg5 Rd6
20. Rac1 Bb6 21. Bf3 h6 22. Bf4 Rd7 23. Be5 g5 24. Bd4 g4 25. Bh1 Bf7 26.
Bxb6 axb6 27. Rc6 f4 28. Kf2 h5 29. Rd4 fxg3+ 30. Nxg3 Re5 31. Rh6 Rd8 32.
Ke1 Rd6 33. Rh8+ Kd7 34. Rh7 Ke8 35. Ra4 Nf4 36. Rxf4 1-0

[Event "Hoogovens"]
[Site "Wijk aan Zee NED"]
[Date "1999.01.16"]
[Round "1"]
[White "Shirov,A"]
[Black "Kasimdzhanov,R"]
[Result "1/2-1/2"]
[WhiteElo "2726"]
[BlackElo "2606"]

1. e4 c5 2. Nf3 e6 3. d4 cxd4 4. Nxd4 Nc6 5. Nc3 Qc7 6. Be2 a6 7. O-O Nf6
8. Be3 Bb4 9. Na4 Be7 10. c4 Nxe4 11. c5 O-O 12. Rc1 Rb8 13. g3 Nf6 14. Bf3
g6 15. Nb6 Rd8 16. Qa4 e5 17. Nb3 d5 18. cxd6 Rxd6 19. Na5 e4 20. Bxe4 Nxe4
21. Qxe4 Bh3 22. Rfe1 Re6 23. Qf4 Qxf4 24. Bxf4 1/2-1/2

[Event "Hoogovens"]
[Site "Wijk aan Zee NED"]
[Date "1999.01.17"]
[Round "2"]
[White "Ivanchuk,V"]
[Black "Kasimdzhanov,R"]
[Result "1/2-1/2"]
[WhiteElo "2714"]
[BlackElo "2606"]

1. e4 c5 2. Nf3 e6 3. d4 cxd4 4. Nxd4 Nc6 5. Nc3 Qc7 6. g3 a6 7. Bg2 Nf6 8.
O-O d6 9. Re1 Bd7 10. Nxc6 bxc6 11. Na4 Rb8 12. b3 e5 13. Qd3 a5 14. Bd2
Be7 15. c4 O-O 16. Rac1 Rfd8 17. c5 dxc5 18. Nxc5 Bg4 19. Qe3 Bc8 20. Rc2
Rd4 21. Rec1 Qd8 22. Be1 Rb5 23. f3 Nh5 24. Qf2 Bg5 25. Rb1 Qd6 26. f4 Bf6
27. fxe5 Bxe5 28. Rbc1 1/2-1/2

[Event "Hoogovens"]
[Site "Wijk aan Zee NED"]
[Date "1999.01.17"]
[Round "2"]
[White "Sokolov,I"]
[Black "Shirov,A"]
[Result "0-1"]
[WhiteElo "2624"]
[BlackElo "2726"]

1. d4 Nf6 2. c4 g6 3. Nc3 d5 4. Bf4 Bg7 5. e3 c5 6. dxc5 Qa5 7. Rc1 dxc4 8.
Bxc4 O-O 9. Nf3 Qxc5 10. Bb3 Nc6 11. O-O Qa5 12. h3 Bf5 13. Qe2 Ne4 14. Nd5
e5 15. Rxc6 bxc6 16. Ne7+ Kh8 17. Nxe5 Bxe5 18. Nxc6 Qd2 19. Qxd2 Nxd2 20.
Bxe5+ f6 21. Bc3 Nxf1 22. Kxf1 Bd3+ 23. Kg1 Rac8 24. Ne7 Rxc3 25. bxc3 Be4
26. c4 Kg7 27. Nd5 Rb8 28. Nc7 a5 29. Ne6+ Kf7 30. Nd4 Ke7 31. f3 Bb7 32.
Ba4 Kd6 33. Bb5 Kc5 34. a4 Bc8 35. Kf2 Rb6 36. Nb3+ Kb4 37. Nd4 Ba6 38.
Nc6+ Rxc6 39. Bxc6 Bxc4 40. e4 Bb3 41. f4 Bxa4 42. Bd5 Bc2 43. e5 fxe5 44.
fxe5 Kc5 45. Bg8 h6 46. Ke3 a4 47. e6 Kd6 48. Kd4 Bb3 49. Kc3 Bxe6 50. Bh7
Bf7 51. Kb4 Ke5 52. h4 h5 0-1

[Event "Hoogovens"]
[Site "Wijk aan Zee NED"]
[Date "1999.01.17"]
[Round "2"]
[White "Svidler,P"]
[Black "Topalov,V"]
[Result "1/2-1/2"]
[WhiteElo "2713"]
[BlackElo "2700"]

1. e4 c5 2. Nc3 g6 3. Nf3 Bg7 4. d4 cxd4 5. Nxd4 Nc6 6. Be3 Nf6 7. Bc4 O-O
8. Bb3 a5 9. a4 Ng4 10. Qxg4 Nxd4 11. Qh4 d6 12. Nd5 Re8 13. Rd1 Nxb3 14.
Bb6 Qd7 15. cxb3 Ra6 16. Bd4 Qd8 17. Bxg7 Kxg7 18. Qg3 Be6 19. O-O Rc6 20.
Qe3 Bxd5 21. exd5 Rc5 22. h4 Qd7 23. Qd4+ Kg8 24. h5 Qf5 25. hxg6 hxg6 26.
Rfe1 b5 27. Rd3 f6 28. axb5 Rxb5 29. Rh3 g5 30. Qc4 Rb4 31. Qe2 Qg6 32.
Qe6+ Kg7 33. Qd7 Qf7 34. Rhe3 Kf8 35. Rh3 Kg7 36. Rhe3 Kf8 37. Rh3 Kg7
1/2-1/2

[Event "Hoogovens"]
[Site "Wijk aan Zee NED"]
[Date "1999.01.17"]
[Round "2"]
[White "Kramnik,V"]
[Black "Yermolinsky,A"]
[Result "1-0"]
[WhiteElo "2751"]
[BlackElo "2597"]

1. d4 Nf6 2. c4 e6 3. Nc3 Bb4 4. Qc2 d6 5. Bg5 Nbd7 6. e3 b6 7. Nge2 Bb7 8.
a3 Bxc3+ 9. Nxc3 h6 10. Bh4 O-O 11. f3 c5 12. dxc5 dxc5 13. O-O-O Qe7 14.
Be2 Rfd8 15. g4 Ne5 16. Rxd8+ Rxd8 17. Rf1 Bc6 18. Bg3 Ng6 19. Bd3 Qd7 20.
Be2 Qb7 21. h4 Nh7 22. Rd1 Re8 23. Nb5 Bxb5 24. cxb5 Nf6 25. g5 hxg5 26.
hxg5 Nd5 27. Qd2 Qe7 28. e4 Nc7 29. f4 e5 30. f5 Nf4 31. Bxf4 exf4 32. g6
Qxe4 33. gxf7+ Kxf7 34. Bh5+ Kf8 35. Qd6+ Qe7 36. Bxe8 Qxd6 37. Rxd6 Kxe8
38. a4 Ke7 39. Rg6 Nd5 40. Kd2 Ne3 1-0

[Event "Hoogovens"]
[Site "Wijk aan Zee NED"]
[Date "1999.01.17"]
[Round "2"]
[White "Kasparov,G"]
[Black "Van Wely,L"]
[Result "1-0"]
[WhiteElo "2812"]
[BlackElo "2632"]

1. e4 c5 2. Nf3 Nc6 3. d4 cxd4 4. Nxd4 Nf6 5. Nc3 e5 6. Ndb5 d6 7. Bg5 a6
8. Na3 b5 9. Nd5 Be7 10. Bxf6 Bxf6 11. c3 Bg5 12. Nc2 O-O 13. a4 bxa4 14.
Rxa4 a5 15. Bb5 Bb7 16. Nce3 Bxe3 17. Nxe3 Ne7 18. O-O Rb8 19. Qd3 Qb6 20.
Bc4 Bc6 21. Ra2 Rfd8 22. b3 Qc5 23. Rfa1 Ra8 24. h4 h6 25. h5 Bb7 26. Rd1
Bc6 27. Rda1 Bb7 28. Bd5 Bxd5 29. exd5 Rdc8 30. b4 Qxc3 31. Qxc3 Rxc3 32.
Rxa5 Rb8 33. Ra7 Kf8 34. Rd7 Nc8 35. Rd8+ Ke7 36. Rg8 Rxb4 37. Ra8 Kd7 38.
Rxg7 Rc1+ 39. Kh2 Rf4 40. Ng4 Ne7 41. Ra7+ Ke8 42. g3 Rf5 43. Rh7 Kf8 44.
Ra8+ 1-0

[Event "Hoogovens"]
[Site "Wijk aan Zee NED"]
[Date "1999.01.19"]
[Round "3"]
[White "Van Wely,L"]
[Black "Ivanchuk,V"]
[Result "1/2-1/2"]
[WhiteElo "2632"]
[BlackElo "2714"]

1. d4 Nf6 2. c4 g6 3. Nc3 Bg7 4. e4 d6 5. Nf3 O-O 6. Be2 e5 7. O-O Nc6 8.
d5 Ne7 9. b4 a5 10. Ba3 Nd7 11. bxa5 Rxa5 12. Bb4 Ra8 13. a4 Bh6 14. a5 f5
15. Bd3 Kh8 16. Nd2 Ng8 17. Re1 Rf7 18. Nb5 Ra6 19. Qc2 Ndf6 20. c5 fxe4
21. Bxe4 Bd7 22. Nc3 Bf5 23. Bxf5 gxf5 24. Nc4 Ne7 25. cxd6 cxd6 26. Nb5
Ne8 27. Red1 f4 28. Ra3 f3 29. Rxf3 Rxf3 30. gxf3 Qd7 31. Nbxd6 Nxd6 32.
Bxd6 Rxd6 33. Nxd6 Qxd6 34. Qb2 Qg6+ 35. Kf1 Qf5 36. d6 Qxf3 37. Qxe5+ Bg7
38. dxe7 Qxd1+ 39. Kg2 1/2-1/2

[Event "Hoogovens"]
[Site "Wijk aan Zee NED"]
[Date "1999.01.19"]
[Round "3"]
[White "Topalov,V"]
[Black "Kramnik,V"]
[Result "1/2-1/2"]
[WhiteElo "2700"]
[BlackElo "2751"]

1. e4 e5 2. Nf3 Nc6 3. Bb5 Nf6 4. O-O Nxe4 5. d4 Nd6 6. Bxc6 dxc6 7. dxe5
Nf5 8. Qxd8+ Kxd8 9. Nc3 Ke8 10. h3 Ne7 11. Re1 Nd5 12. Ne4 Nb4 13. Re2 Bf5
14. Nd4 Bxe4 15. Rxe4 c5 16. a3 cxd4 17. axb4 Bxb4 18. Rxd4 Be7 19. Be3 a6
20. Rad1 h5 21. c3 Rd8 22. Rxd8+ Bxd8 23. f4 f5 24. exf6 Bxf6 25. Kf2 g6
26. Kf3 Ke7 27. Bd4 Bxd4 28. Rxd4 a5 29. Rd5 b6 30. Ke4 a4 31. Re5+ Kf6 32.
f5 gxf5+ 33. Rxf5+ Kg6 34. Rd5 Rf8 35. Ke3 1/2-1/2

[Event "Hoogovens"]
[Site "Wijk aan Zee NED"]
[Date "1999.01.19"]
[Round "3"]
[White "Reinderman,D"]
[Black "Svidler,P"]
[Result "1/2-1/2"]
[WhiteElo "2541"]
[BlackElo "2713"]

1. e4 c5 2. Ne2 Nc6 3. d4 cxd4 4. Nxd4 Nf6 5. Nc3 d6 6. Bc4 Qb6 7. Nde2 e6
8. Bb3 a6 9. O-O Be7 10. Qd3 Bd7 11. Kh1 Qc7 12. Qg3 b5 13. a3 O-O 14. Bh6
Ne8 15. f4 Na5 16. f5 Nxb3 17. cxb3 Qd8 18. b4 Rc8 19. fxe6 Bxe6 20. Bf4
Nf6 21. Be3 Ng4 22. Bd4 Bh4 23. Qf4 Bg5 24. Qg3 Bh4 25. Qf4 Bg5 26. Qg3 Bh4
1/2-1/2

[Event "Hoogovens"]
[Site "Wijk aan Zee NED"]
[Date "1999.01.19"]
[Round "3"]
[White "Piket,Je"]
[Black "Timman,J"]
[Result "1-0"]
[WhiteElo "2619"]
[BlackElo "2670"]

1. d4 e6 2. c4 b6 3. e4 Bb7 4. Nc3 Bb4 5. f3 f5 6. exf5 exf5 7. Nh3 Nc6 8.
Bg5 Nf6 9. Qe2+ Kf7 10. O-O-O Bxc3 11. bxc3 h6 12. Bh4 Qe7 13. Qb2 g5 14.
Bf2 Na5 15. Re1 Qf8 16. Re5 f4 17. Rf5 Rg8 18. Bd3 Ba6 19. Nxf4 gxf4 20.
Bh4 Rg5 21. Bxg5 hxg5 22. h4 Qh6 23. Re1 gxh4 24. Qe2 Rf8 25. Qe7+ Kg8 26.
Rxf6 Rxf6 27. Qxd7 Qg7 28. Re8+ Rf8 29. Re7 Rf7 30. Qe6 Qf6 31. Re8+ 1-0

[Event "Hoogovens"]
[Site "Wijk aan Zee NED"]
[Date "1999.01.19"]
[Round "3"]
[White "Kasimdzhanov,R"]
[Black "Sokolov,I"]
[Result "1/2-1/2"]
[WhiteElo "2606"]
[BlackElo "2624"]

1. c4 e5 2. Nc3 Nf6 3. Nf3 Nc6 4. g3 Bb4 5. Bg2 O-O 6. O-O Re8 7. Nd5 Bf8
8. d3 h6 9. Nxf6+ Qxf6 10. Nd2 d6 11. Ne4 Qd8 12. Nc3 Be6 13. b4 a6 14. Rb1
Qd7 15. a4 Rab8 16. b5 Ne7 17. Qb3 axb5 18. axb5 Bh3 19. e4 Bxg2 20. Kxg2
Ng6 21. Qd1 c6 22. Be3 Qe6 23. f3 Be7 24. bxc6 bxc6 25. Qa4 Qd7 26. Qa7
Qxa7 27. Bxa7 Ra8 28. Rb7 Bd8 29. Rfb1 Ne7 30. R1b3 Ba5 31. Bf2 Bxc3
1/2-1/2

[Event "Hoogovens"]
[Site "Wijk aan Zee NED"]
[Date "1999.01.20"]
[Round "4"]
[White "Van Wely,L"]
[Black "Yermolinsky,A"]
[Result "1-0"]
[WhiteElo "2632"]
[BlackElo "2597"]

1. d4 Nf6 2. c4 e6 3. Nf3 Bb4+ 4. Bd2 Qe7 5. g3 Nc6 6. Nc3 d6 7. d5 exd5 8.
Nxd5 Nxd5 9. cxd5 Ne5 10. Nxe5 Bxd2+ 11. Qxd2 dxe5 12. Bg2 O-O 13. Rc1 Rd8
14. Qc3 Bd7 15. O-O c6 16. dxc6 Bxc6 17. Bxc6 Rac8 18. Rcd1 Rxd1 19. Rxd1
bxc6 20. Rd5 f6 21. Rc5 Qe6 22. a3 h5 23. h4 Rd8 24. Rxc6 Rd1+ 25. Kg2 Qd5+
26. Qf3 e4 27. Rc8+ Kh7 28. Qe3 f5 29. Rc5 Qd2 30. Rxf5 Qxe3 31. fxe3 1-0

[Event "Hoogovens"]
[Site "Wijk aan Zee NED"]
[Date "1999.01.20"]
[Round "4"]
[White "Timman,J"]
[Black "Shirov,A"]
[Result "1/2-1/2"]
[WhiteElo "2670"]
[BlackElo "2726"]

1. d4 Nf6 2. c4 g6 3. Nc3 d5 4. cxd5 Nxd5 5. e4 Nxc3 6. bxc3 Bg7 7. Be3 c5
8. Qd2 Qa5 9. Rb1 b6 10. Bb5+ Bd7 11. Be2 Bc6 12. Bd3 Nd7 13. h4 Rd8 14. h5
Ne5 15. dxe5 c4 16. Bd4 cxd3 17. Nf3 Bxe4 18. h6 Bf8 19. Ng5 Bxg2 20. Rh2
Qd5 21. Qxd3 f6 22. Rb5 Qc6 23. exf6 exf6 24. f3 fxg5 25. Rxg2 Bxh6 26.
Qe2+ Kf7 27. Bxh8 Rxh8 28. Qd3 Re8+ 29. Re2 Rxe2+ 30. Kxe2 Qe6+ 31. Kd1
Qxa2 32. Qd7+ Kg8 33. Rd5 Qb3+ 34. Ke2 Qc4+ 35. Kf2 Bf8 36. Qe6+ Kh8 37.
Qf6+ Kg8 38. Qe6+ Kh8 39. Qe5+ Kg8 40. Qe6+ 1/2-1/2

[Event "Hoogovens"]
[Site "Wijk aan Zee NED"]
[Date "1999.01.20"]
[Round "4"]
[White "Svidler,P"]
[Black "Piket,Je"]
[Result "1/2-1/2"]
[WhiteElo "2713"]
[BlackElo "2619"]

1. e4 e5 2. Nf3 Nc6 3. Bb5 a6 4. Ba4 Nf6 5. O-O Be7 6. Re1 b5 7. Bb3 d6 8.
c3 O-O 9. h3 Nb8 10. d4 Nbd7 11. Nbd2 Bb7 12. Bc2 Re8 13. Nf1 Bf8 14. Ng3
g6 15. a4 c5 16. d5 c4 17. Bg5 h6 18. Be3 Nc5 19. Qd2 h5 20. Bg5 Be7 21.
Ra3 Rb8 22. Rea1 Bc8 23. axb5 axb5 24. Ra7 Rb7 25. Ra8 Nfd7 26. Be3 Qc7 27.
Rf1 Ra7 28. Rxa7 Qxa7 29. Ng5 Bd8 30. Kh1 Bb6 31. Qd1 f6 32. Nf3 Nf8 33.
Nh4 Ncd7 34. Bc1 Re7 35. f4 Rh7 36. Qf3 Bd8 37. Qd1 1/2-1/2

[Event "Hoogovens"]
[Site "Wijk aan Zee NED"]
[Date "1999.01.20"]
[Round "4"]
[White "Kramnik,V"]
[Black "Reinderman,D"]
[Result "1/2-1/2"]
[WhiteElo "2751"]
[BlackElo "2541"]

1. d4 g6 2. e4 Bg7 3. c4 d6 4. Nc3 e5 5. Nge2 exd4 6. Nxd4 Nc6 7. Be3 Nge7
8. Nxc6 Nxc6 9. Qd2 Be6 10. Be2 Qd7 11. O-O O-O 12. Rad1 Rad8 13. Bh6 f6
14. Bxg7 Qxg7 15. b3 Kh8 16. Nd5 f5 17. exf5 Bxf5 18. f4 Rde8 19. Rfe1 h5
20. Bf3 Nd4 21. Rxe8 Nxf3+ 22. gxf3 Rxe8 23. Kf2 c6 24. Ne3 Qe7 25. Ng2 Rd8
26. Qd4+ Kh7 27. Qxa7 c5 28. Qa5 Qf6 29. Qd2 Bh3 30. Qe3 Rd7 31. Kg3 Bxg2
32. Kxg2 Re7 33. Qd2 Re6 34. Re1 1/2-1/2

[Event "Hoogovens"]
[Site "Wijk aan Zee NED"]
[Date "1999.01.20"]
[Round "4"]
[White "Ivanchuk,V"]
[Black "Sokolov,I"]
[Result "1-0"]
[WhiteElo "2714"]
[BlackElo "2624"]

1. Nf3 Nf6 2. c4 c5 3. Nc3 Nc6 4. d4 cxd4 5. Nxd4 e6 6. g3 Qb6 7. Nb3 Ne5
8. e4 Bb4 9. Qe2 Bxc3+ 10. bxc3 d6 11. f4 Nc6 12. Ba3 e5 13. Bxd6 exf4 14.
c5 Qa6 15. Qxa6 bxa6 16. e5 Ng4 17. Bg2 Bd7 18. gxf4 Ne3 19. Be4 Rc8 20.
Rg1 g6 21. Bd3 Bf5 22. Bxa6 Nc2+ 23. Kf2 Nxa1 24. Rxa1 Rd8 25. Nd4 Bd7 26.
Rb1 Ne7 27. Rb7 Nc8 28. Bc7 O-O 29. Bxd8 Rxd8 30. c6 Bh3 31. Kg3 1-0

[Event "Hoogovens"]
[Site "Wijk aan Zee NED"]
[Date "1999.01.20"]
[Round "4"]
[White "Anand,V"]
[Black "Kasimdzhanov,R"]
[Result "1-0"]
[WhiteElo "2781"]
[BlackElo "2606"]

1. e4 c5 2. Nf3 e6 3. d4 cxd4 4. Nxd4 Nc6 5. Nc3 Qc7 6. Be2 a6 7. O-O Nf6
8. Kh1 Nxd4 9. Qxd4 Bc5 10. Qd3 b5 11. f4 Bb7 12. Bf3 O-O 13. e5 Ne8 14.
Bxb7 Qxb7 15. f5 f6 16. Bf4 exf5 17. a4 fxe5 18. Bxe5 b4 19. Qc4+ Kh8 20.
Qxc5 d6 21. Qd5 Qxd5 22. Bxg7+ Nxg7 23. Nxd5 Rac8 24. Rf2 a5 25. Rd1 Rfe8
26. b3 Rc6 27. h3 Re5 28. Kh2 Kg8 29. Rd3 Kf7 30. Ne3 Ke7 31. Nc4 Rec5 32.
Rfd2 Ne8 33. Re2+ Kf7 34. Rde3 Nf6 35. Re7+ Kg6 36. R2e6 f4 37. Nxd6 f3 38.
Rf7 Rf5 39. Rg7+ 1-0

[Event "Hoogovens"]
[Site "Wijk aan Zee NED"]
[Date "1999.01.21"]
[Round "5"]
[White "Sokolov,I"]
[Black "Anand,V"]
[Result "1/2-1/2"]
[WhiteElo "2624"]
[BlackElo "2781"]

1. d4 d5 2. c4 dxc4 3. Nf3 a6 4. e3 e6 5. Bxc4 c5 6. O-O Nf6 7. Bb3 Nc6 8.
Nc3 cxd4 9. exd4 Be7 10. Re1 O-O 11. Bg5 b5 12. d5 Nxd5 13. Bxd5 exd5 14.
Qxd5 Qxd5 15. Nxd5 Bxg5 16. Nxg5 Bb7 17. Ne4 Rfd8 18. Rad1 Nd4 19. Nb6 Rab8
20. Nc5 Bc6 21. Nbd7 Bxd7 22. Rxd4 Be6 23. Nxe6 1/2-1/2

[Event "Hoogovens"]
[Site "Wijk aan Zee NED"]
[Date "1999.01.21"]
[Round "5"]
[White "Shirov,A"]
[Black "Svidler,P"]
[Result "1/2-1/2"]
[WhiteElo "2726"]
[BlackElo "2713"]

1. e4 c5 2. Nf3 d6 3. d4 cxd4 4. Nxd4 Nf6 5. Nc3 a6 6. Be3 e5 7. Nb3 Be6 8.
f3 Nbd7 9. g4 b5 10. g5 b4 11. Nd5 Nxd5 12. exd5 Bf5 13. Bd3 Bxd3 14. Qxd3
Be7 15. h4 O-O 16. O-O-O a5 17. Nd2 f5 18. gxf6 Nxf6 19. h5 Qc8 20. h6 g6
21. Rhg1 Kh8 22. f4 Ng4 23. fxe5 Nxe5 24. Bd4 Bf6 25. Qe3 Qc7 26. Ne4 Rac8
27. Rg2 Kg8 28. Qh3 Rce8 29. Rf2 Bh8 30. Rxf8+ Kxf8 31. b3 Kg8 32. Ng5 Qb7
33. Bxe5 Bxe5 34. Rf1 Bd4 35. Kb1 Be3 36. Ne6 Bd2 37. Qh2 Qxd5 38. Qf2 Qf5
39. Qg2 Rxe6 40. Qa8+ Kf7 41. Qb7+ 1/2-1/2

[Event "Hoogovens"]
[Site "Wijk aan Zee NED"]
[Date "1999.01.21"]
[Round "5"]
[White "Piket,Je"]
[Black "Kramnik,V"]
[Result "1/2-1/2"]
[WhiteElo "2619"]
[BlackElo "2751"]

1. d4 Nf6 2. c4 e6 3. Nf3 d5 4. Nc3 Be7 5. Bg5 h6 6. Bh4 O-O 7. e3 b6 8.
Be2 Bb7 9. Bxf6 Bxf6 10. cxd5 exd5 11. O-O c6 12. Re1 Nd7 13. Qb3 Re8 14.
Rad1 Nf8 15. Bf1 Ne6 16. g3 Qc7 17. e4 Rad8 18. e5 Be7 19. h4 c5 20. Bh3
Bf8 21. Ne2 Bc8 22. Kh2 g6 23. a3 Bg7 24. Qc2 Qe7 25. Qd2 Qf8 26. Nf4
1/2-1/2

[Event "Hoogovens"]
[Site "Wijk aan Zee NED"]
[Date "1999.01.23"]
[Round "6"]
[White "Van Wely,L"]
[Black "Reinderman,D"]
[Result "1-0"]
[WhiteElo "2632"]
[BlackElo "2541"]

1. d4 Nf6 2. c4 g6 3. Nc3 Bg7 4. e4 d6 5. Nf3 O-O 6. Be2 c5 7. O-O cxd4 8.
Nxd4 Nc6 9. Be3 Bd7 10. Qd2 Nxd4 11. Bxd4 Bc6 12. f3 a5 13. Rab1 Nd7 14.
Be3 Nc5 15. Rfc1 Qb6 16. b3 Rfc8 17. Bd1 Qd8 18. a3 b6 19. b4 axb4 20. axb4
Nd7 21. Be2 Ra3 22. Bd4 Bxd4+ 23. Qxd4 Rca8 24. f4 Qf8 25. Nd5 e6 26. Nxb6
Nxb6 27. Qxb6 Bxe4 28. Rb2 Ra1 29. Rf1 Qg7 30. Rd2 d5 31. Qd4 Qxd4+ 32.
Rxd4 R1a2 33. Re1 Rc2 34. Kf2 Raa2 35. Rxe4 dxe4 36. Ke3 Rab2 37. b5 Kf8
38. Bf1 Ke7 39. Kxe4 Kd6 40. Kd4 Rd2+ 41. Kc3 f6 42. h4 e5 43. fxe5+ fxe5
44. Bd3 Rxg2 45. Rd1 Kc5 46. Be4 Rh2 47. Rd5+ Kb6 48. Rxe5 Rbf2 49. Re6+
Kc7 50. c5 Rh3+ 51. Kd4 Rd2+ 52. Ke5 Rxh4 53. b6+ Kd8 54. b7 Rh5+ 55. Kf6
Rf2+ 56. Kg7 Rb2 57. Rb6 1-0

[Event "Hoogovens"]
[Site "Wijk aan Zee NED"]
[Date "1999.01.23"]
[Round "6"]
[White "Svidler,P"]
[Black "Kasimdzhanov,R"]
[Result "1-0"]
[WhiteElo "2713"]
[BlackElo "2606"]

1. e4 c5 2. Nf3 e6 3. d4 cxd4 4. Nxd4 a6 5. Nc3 b5 6. Bd3 Qb6 7. Be3 Bc5 8.
Be2 Nc6 9. Nxc6 dxc6 10. Bxc5 Qxc5 11. Qd3 Nf6 12. f4 e5 13. f5 Bb7 14.
O-O-O Ke7 15. g4 Rhd8 16. Qf3 b4 17. Na4 Qa5 18. b3 c5 19. g5 Nxe4 20. f6+
Kf8 21. Bd3 Rd4 22. Rde1 Nd6 23. Qh5 e4 24. g6 fxg6 25. Qxh7 gxf6 26. Rhg1
g5 27. Rxg5 fxg5 28. Rf1+ Ke8 29. Qg7 Kd8 30. Rf8+ Ne8 31. Qxb7 Rc8 32. Qf7
1-0

[Event "Hoogovens"]
[Site "Wijk aan Zee NED"]
[Date "1999.01.23"]
[Round "6"]
[White "Timman,J"]
[Black "Sokolov,I"]
[Result "1/2-1/2"]
[WhiteElo "2670"]
[BlackElo "2624"]

1. Nf3 c5 2. b3 d5 3. e3 Nc6 4. Bb5 Bg4 5. Bb2 Rc8 6. c4 e6 7. cxd5 exd5 8.
O-O Nf6 9. Bxf6 Qxf6 10. Nc3 Qd8 11. d4 cxd4 12. Qxd4 Bxf3 13. gxf3 a6 14.
Bxc6+ bxc6 15. Rac1 Bd6 16. Qxg7 Qh4 17. Rfd1 Ke7 18. Kf1 Rcg8 19. Qd4 Rg1+
20. Ke2 Qxd4 21. exd4 Rg2 22. Na4 Re8 23. Kf1 Rxh2 24. Re1+ Kf6 25. Rxe8
Rh1+ 26. Kg2 Rxc1 27. Ra8 Kf5 28. Rxa6 Be7 29. Ra7 Bf6 30. Rxf7 Kg6 31. Rc7
Bxd4 32. b4 Rc2 33. Nc5 Rxf2+ 34. Kg3 Rxa2 35. Rxc6+ Kf5 36. Nd7 Rb2 37.
Rh6 Bf2+ 38. Kh3 d4 39. Rf6+ Kg5 40. f4+ Kh5 41. Rf5+ Kg6 42. Kg4 Be3 43.
Nf8+ Kg7 44. Ne6+ Kg6 1/2-1/2

[Event "Hoogovens"]
[Site "Wijk aan Zee NED"]
[Date "1999.01.23"]
[Round "6"]
[White "Yermolinsky,A"]
[Black "Topalov,V"]
[Result "1-0"]
[WhiteElo "2597"]
[BlackElo "2700"]

1. Nf3 Nf6 2. c4 g6 3. Nc3 Bg7 4. e4 d6 5. d4 O-O 6. Be2 e5 7. O-O Nc6 8.
d5 Ne7 9. Bg5 Nh5 10. Ne1 Nf4 11. Nd3 Nxe2+ 12. Qxe2 h6 13. Bd2 f5 14. f4
exf4 15. Nxf4 g5 16. Ne6 Bxe6 17. dxe6 f4 18. g3 fxg3 19. hxg3 Ng6 20. Nd5
c6 21. Qh5 cxd5 22. Qxg6 Qb6+ 23. Kh1 Qxb2 24. e7 Rfe8 25. Bxg5 hxg5 26.
Qf7+ Kh8 27. Rae1 dxc4 28. Qh5+ Kg8 29. Re2 Qxe2 30. Qxe2 Rxe7 31. Qxc4+
Kh7 32. Qd5 Rae8 33. Rf7 Rxf7 34. Qxf7 Re5 35. Qxb7 Ra5 36. Qb3 Be5 37. g4
Bf4 38. a4 Kg6 39. Qg8+ Kh6 40. Qd8 Rc5 41. Qf6+ Kh7 42. Qf7+ Kh6 43. Qxa7
Kg6 44. a5 Kf6 45. a6 Rc1+ 46. Kg2 Rc2+ 47. Kf3 1-0

[Event "Hoogovens"]
[Site "Wijk aan Zee NED"]
[Date "1999.01.24"]
[Round "7"]
[White "Topalov,V"]
[Black "Ivanchuk,V"]
[Result "1/2-1/2"]
[WhiteElo "2700"]
[BlackElo "2714"]

1. e4 c5 2. Nf3 e6 3. d4 cxd4 4. Nxd4 Nc6 5. Nc3 a6 6. Be3 Nf6 7. Bd3 d6 8.
f4 e5 9. Nxc6 bxc6 10. Qd2 Ng4 11. f5 Nxe3 12. Qxe3 Be7 13. O-O O-O 14. Kh1
Bd7 15. Rad1 a5 16. Bc4 a4 17. Rd3 Bc8 18. Qe2 Kh8 19. Nd1 g6 20. Ne3 Bg5
21. Rfd1 Qb6 22. b3 Ra7 23. f6 axb3 24. cxb3 Bxf6 25. Rxd6 Bg5 26. Nd5 Qc5
27. Nf6 Qa3 28. h3 Kg7 29. Qf3 Qxa2 30. Rxc6 Qb2 31. Rf1 Qd4 32. Rd1 Ra1
33. Rxa1 Qxa1+ 34. Kh2 Bf4+ 35. g3 Qb2+ 36. Qg2 Qxg2+ 37. Kxg2 Bg5 38. Nd5
Be6 39. h4 Bd2 40. Kf3 Rb8 41. Ke2 Bb4 42. Nxb4 Rxb4 43. Kd2 Bxc4 44. bxc4
f5 45. exf5 1/2-1/2

[Event "Hoogovens"]
[Site "Wijk aan Zee NED"]
[Date "1999.01.24"]
[Round "7"]
[White "Sokolov,I"]
[Black "Svidler,P"]
[Result "1/2-1/2"]
[WhiteElo "2624"]
[BlackElo "2713"]

1. d4 Nf6 2. c4 g6 3. Nc3 d5 4. Nf3 Bg7 5. Bg5 Ne4 6. Bf4 Nxc3 7. bxc3 dxc4
8. e3 Be6 9. Qb1 b6 10. Ng5 Bd5 11. e4 Bb7 12. Bxc4 O-O 13. h4 Ba6 14. Bxa6
Nxa6 15. Qb5 Qc8 16. h5 c5 17. hxg6 hxg6 18. Rc1 Nc7 19. Qd3 Qg4 20. g3 e5
21. dxe5 Ne6 22. Qe2 Qxe2+ 23. Kxe2 Nxg5 24. Bxg5 Bxe5 25. f4 Bg7 26. e5 f6
27. exf6 Bxf6 28. Rh6 Kg7 29. Bxf6+ Kxf6 30. Rd1 Rfe8+ 31. Kf3 Rad8 32.
Rxd8 Rxd8 33. Rh7 1/2-1/2

[Event "Hoogovens"]
[Site "Wijk aan Zee NED"]
[Date "1999.01.24"]
[Round "7"]
[White "Reinderman,D"]
[Black "Yermolinsky,A"]
[Result "1/2-1/2"]
[WhiteElo "2541"]
[BlackElo "2597"]

1. e4 c6 2. d4 d5 3. exd5 cxd5 4. c4 Nf6 5. Nc3 e6 6. Nf3 Bb4 7. Bd3 dxc4
8. Bxc4 O-O 9. O-O a6 10. a4 Nbd7 11. Bg5 Be7 12. Re1 h6 13. Bh4 Nb6 14.
Bb3 Nbd5 15. Ne5 Nb4 16. Bxf6 Bxf6 17. d5 Bxe5 18. Rxe5 Qf6 19. Qe2 Nd3 20.
Re3 Nf4 21. Qf3 exd5 22. Nxd5 Nxd5 23. Bxd5 Qxb2 24. Rae1 Be6 25. Bxb7 Ra7
26. Bd5 Bxd5 27. Qxd5 Qf6 28. Re8 Rxe8 29. Rxe8+ Kh7 30. g3 Rc7 31. Rf8 g6
32. Qe4 Re7 33. Qd5 Kg7 34. Ra8 Re5 35. Qd2 Kh7 1/2-1/2

[Event "Hoogovens"]
[Site "Wijk aan Zee NED"]
[Date "1999.01.24"]
[Round "7"]
[White "Kasimdzhanov,R"]
[Black "Kramnik,V"]
[Result "1/2-1/2"]
[WhiteElo "2606"]
[BlackElo "2751"]

1. d4 Nf6 2. c4 e6 3. Nf3 d5 4. Nc3 Be7 5. Bg5 h6 6. Bh4 O-O 7. e3 b6 8.
Rc1 Bb7 9. Bxf6 Bxf6 10. cxd5 exd5 11. Bd3 c5 12. O-O Nd7 13. Bf5 g6 14.
Bxd7 cxd4 15. Bc6 Bxc6 16. Nxd4 Bb7 17. Qa4 Qe7 1/2-1/2